00351nam a2200121Ia 4500008004100000082001700041100002300058245006600081250000800147260005000155300000800205650001600213191201s2005 xx 000 0 und d a005.133bGOS aGOTTFRIED, Byron S 0aSchaum's Outline of Theory and Problems of Programming with C a2nd aN.DelhibTata Mc Graw Hill Pub. Co. Ltdc2005 a532 aB.Tech(CSE)